000 00350nam a2200109Ia 4500
008 171211s9999 xx 000 0 und d
245 _aNew Perspectives on HTML, XHTML, and Dynamic HTML: Comprehensive, 4th edition
245 _cPatrick Carey
260 _c2009
650 _xWeb Development
856 _uhttp://down.ebook777.com/017/9781439078334.pdf
999 _c350039
_d350039